[Event "Guernsey Holiday op 40th"]
[Site "Guernsey"]
[Date "2014.10.24"]
[Round "6"]
[White "Kemperink, Han"]
[Black "Kirk, Matthew"]
[Result "1/2-1/2"]
[WhiteElo "1651"]
[BlackElo "1726"]
[PlyCount "50"]
[EventDate "2014.10.19"]
[EventType "swiss"]
[EventRounds "7"]
[EventCountry "GCI"]
[SourceTitle "EXT 2022"]
[Source "ChessBase"]
[SourceDate "2021.10.06"]
[SourceVersion "1"]
[SourceVersionDate "2021.10.06"]
[SourceQuality "1"]

1. e4 c6 2. d4 d5 3. e5 Bf5 4. g4 Be4 5. f3 Bg6 6. Ne2 e6 7. c3 h5 8. g5 Nd7 9. h4 Ne7 10. Ng3 c5 11. Bd3 Bxd3 12. Qxd3 Qb6 13. Na3 c4 14. Qe2 g6 15. b3 cxb3 16. axb3 a6 17. Be3 Qxb3 18. Nb5 Kd8 19. Nd6 Rh7 20. 0-0 Nf5 21. Ngxf5 gxf5 22. Rfb1 Qxc3 23. Rc1 Qb3 24. Rcb1 Qc3 25. Rc1 Qb3 1/2-1/2